000 00583nam a2200193Ia 4500
003 GCL
008 140319s9999 xx 000 0 eng d
040 _aGCL /
_cGCL
082 0 4 _a665.5
_bB A
100 1 _aBERMDAL, BERNT A
245 1 0 _aARTIFICIAL INTELLIGENCE IN THE PETROLEUM INDUSTRY: SYMBOLIC AND COMPUTATIONAL APPLICATIONS /
_cBERMDAL, BERNT A
700 1 _aBRAUNSCHWEIG, BERTRAND
260 _a[S.N] :
_bEDITIONS TECHNIP ،
_c1996
300 _a381 P
650 0 4 _aOIL INDUSTRY
650 0 4 _aالمجموعات النادرة
650 0 4 _aPETROLEUM
942 _2ddc
_cBK
999 _c15993
_d15993